Indie Games by Pictures #8 - Statistics

General Stats
  • This quiz has been taken 211 times
  • The average score is 8 of 20
Answer Stats
Picture Answer % Correct
Agar.io
81%
Palworld
75%
The World's Hardest Game
65%
Enter The Gungeon
57%
Only Up
53%
Rain World
51%
Ultimate Chicken Horse
50%
The Exit 8
49%
Satisfactory
39%
Please, Don't Touch Anything
35%
Faith: The Unholy Trinity
34%
Unfair Mario
34%
Slendytubbies
31%
I Wanna Be The Guy
30%
Mr. President
26%
No, I'm Not a Human
26%
Can Your Pet?
21%
Imscared: A Pixelated Nightmare
16%
Mount Your Friends
12%
The Very Organized Thief
4%
No matching quizzes found
Score Distribution
Percent of People with Each Score
Percentile by Number Answered
Your Score History
You have not taken this quiz